| 000 | 00827nam a22001937a 4500 | ||
|---|---|---|---|
| 003 | OSt | ||
| 005 | 20251022030057.0 | ||
| 008 | 251022b |||||||| |||| 00| 0 eng d | ||
| 020 | _a978-971-92221-9-4 | ||
| 040 |
_aDWC-Main Lib. _cOC |
||
| 082 |
_22nd Edition _aFil. 332.6 E78 2011 |
||
| 100 | _aSantos, Rhoderick R. | ||
| 245 |
_aEssentials of investments in the Philippine capital market/ _cSantos, Rhoderick R. |
||
| 260 |
_aLas PiƱas City, Phils. : _bSouthville International School & Colleges Systems Publications, _cc2011. |
||
| 300 |
_axviii, 608 pages : _billustrations ; _c23 cm. |
||
| 504 | _aIncludes index and bibliographical references. | ||
| 650 | _a1. Investments. I. Santos, Rhoderick R. II. Aquino, Jose P. III. Avante, Rolando A. IV. Biacora, Estelito C. | ||
| 942 |
_2ddc _cBK - FIL _eSecond Edition _n0 |
||
| 999 |
_c5003 _d5003 |
||